000 00363 a2200145 4500
001 168643
020 _a
040 _cMagnum
100 _aCastel, Robert
240 1 0 _aAs metamorfoses da questao social: uma cronica do salario
_lpor
245 1 0 _aAs metamorfoses da questao social: uma cronica do salario
362 0 _a1899
697 _aGERAL
942 _cBK
999 _c168643
_d168643